|
|
|
|
| LEADER |
01096 a2200205 4500 |
| 008 |
150103s9999 000 0 eng |
| 020 |
|
|
|a 8126131144
|
| 082 |
|
|
|a 780.95403 AMR/EN
|
| 100 |
|
|
|a Amrita Priyamvada
|
| 245 |
|
|
|a Encyclopaedia of indian music/
|
| 260 |
|
|
|a New Delhi,
|b Anmol Publications,
|c 2007
|
| 300 |
|
|
|a 383 p.:
|
| 500 |
|
|
|a Ref
|
| 650 |
|
|
|a Music-India-Dictionaries
|
| 942 |
|
|
|c BK
|
| 999 |
|
|
|c 304023
|d 304023
|
| 952 |
|
|
|0 0
|1 0
|2 ddc
|4 0
|6 780_954030000000000_AMR_EN
|7 0
|9 347743
|a DRA
|b DRA
|c ST1
|d 2011-04-26
|i 7472
|l 1
|o 780.95403 AMR/EN
|p DRA7472
|r 2016-08-18
|s 2016-03-03
|w 2011-04-26
|y BK
|
| 952 |
|
|
|0 0
|1 0
|2 ddc
|4 0
|6 780_954030000000000_AMR_EN
|7 0
|9 347744
|a DRA
|b DRA
|c REF
|d 2011-04-26
|i 7455
|l 0
|o 780.95403 AMR/EN
|p DRA7455
|r 2019-01-03
|w 2019-01-03
|y REF
|
| 952 |
|
|
|0 0
|1 0
|2 ddc
|4 0
|6 780_954030000000000_AMR_EN
|7 0
|8 MUSIC
|9 347745
|a DRA
|b DRA
|c REF
|d 2011-07-04
|g 3000.00
|i 864M
|l 0
|o 780.95403 AMR/EN
|p DRA864M
|r 2019-01-03
|w 2019-01-03
|y REF
|
| 952 |
|
|
|0 0
|1 0
|2 ddc
|4 0
|6 780_954030000000000_AMR_EN
|7 0
|9 347746
|a DRA
|b DRA
|c ST1
|d 2012-05-22
|i 7519
|l 3
|o 780.95403 AMR/EN
|p DRA7519
|r 2019-10-30
|s 2019-02-01
|v 3000.00
|w 2012-05-22
|y BK
|